Quizzes
Events
Quiz Creation
Community
Videos
Private Events
Remove Ads
Sign In
Join for FREE
Feedback
Dark Mode
Quiz Categories
Sports
Geography
Music
Movies
Television
Just For Fun
Miscellaneous
History
Literature
Language
Science
Gaming
Entertainment
Religion
Holiday
For Kids
Quiz Lab
Recent
Popular Today
Quiz Kudos Today
Editor Picks
Curator Picks
Quizzes by...
Day
Popularity
Type
Ratings
Length
Year
Community
Subscriptions
Recent Discussions
Orange Saloon
Badges
Playlists
Quests
Create
Leaderboards
Showdown
Live 5
Trivia Bingo
Activity
Puzzle Library
Sporcle Events
Private Events
Virtual Trivia
Globe League
Become a Host
Pub Owners
SporcleCon
Opinionation
Our Games
Videos
Blog
Mobile Apps
Partnerships
Remove Ads and Go Orange
Feedback
Music
Pop Music
The Beatles
Song
Album
Lyrics
Bands
Singers
Artist
Clip
Rock
Rap
Classical
Billboard
Country Music
Kpop
Taylor Swift
Music
Pop Music
The Beatles
Song
Album
Lyrics
Bands
Singers
Artist
Clip
Rock
Rap
Classical
Billboard
Country Music
Kpop
Taylor Swift
Random Quiz
Search Sporcle
×
Quiz Lab
Quiz Lab
Music
Song
Type in answers that appear in a list
Type in answers that appear in a list
Classic
Best Score? Go Orange.
Top 50 Songs of the 70s Stats
Can you name the Top Songs 50 Singles of the 1970s ?
By
AshtonCinder
15m
50 Questions
666 Plays
666 Plays
666 Plays
Comments
Comments
Give Quiz Kudos
Give Quiz Kudos
-
- Ratings
hide this ad
More Info
Replay
Link that replays current quiz
Next Quiz
Link to next quiz in quiz playlist
You Got
0%
They Got
Avg Score
62%
Avg Friend Score
Upgrade to see
Score Distribution
Jump to the score distribution portion of the page
Score
0/50
Timer
15:00
0
Plays Today
Artist
Title
% Correct
#7 Don McLean
American Pie
93.4%
#2 Simon and Garfunkel
Bridge Over Troubled Water
91.2%
#9 Bee Gees
Stayin' Alive
87.3%
#13 Rod Stewart
Maggie May
85.3%
#37 Gloria Gaynor
I Will Survive
83.4%
#1 Debby Boone
You Light Up My Life
82.5%
#10 The Knack
My Sharona
82.5%
#22 America
A Horse With No Name
79.6%
#29 Carly Simon
You're So Vain
79.6%
#3 Three Dog Night
Joy to The World
78.9%
#27 Tony Orlando and Dawn
Tie a Yellow Ribbon 'round the Old Oak Tree
77.9%
#44 Elton John & Kiki Dee
Don't Go Breaking My Heart
76.4%
#18 Chic
Le Freak
75.4%
#15 George Harrison
My Sweet Lord
74.8%
#5 Gilbert O'Sullivan
Alone Again (Naturally)
71.5%
#16 Bee Gees
Night Fever
71%
#31 B.J. Thomas
Raindrops Keep Fallin' on My Head
70.4%
#39 The Beatles
Let It Be
69.8%
#35 Rod Stewart
Da Ya Think I'm Sexy
66.8%
#32 The Captain and Tennille
Love Will Keep Us Together
65.3%
#26 Johnny Nash
I Can See Clearly Now
64.8%
#38 The Guess Who
American Woman
64%
#23 The Carpenters
(They Long to Be) Close to You
62.5%
#25 Peaches & Herb
Reunited
61.5%
#46 The Partridge Family
I Think I Love You
60.4%
Artist
Title
% Correct
#36 Elton John
Crocodile Rock
59.7%
#33 Donna Summer
Hot Stuff
58.3%
#42 The Four Seasons
December, 1963 (Oh What a Night)
58.3%
#8 Bee Gees
How Deep is Your Love?
57.4%
#17 Paul McCartney and Wings
Silly Love Songs
56.9%
#4 Roberta Flack
First Time Ever I Saw Your Face
55.1%
#48 Paul Simon
50 Ways to Leave Your Lover
54.7%
#47 Barbra Streisand
The Way We Were
54.5%
#34 Nilsson
Without You
54.1%
#11 The Osmonds
One Bad Apple
53.9%
#12 Andy Gibb
Shadow Dancing
53.9%
#6 Rod Stewart
Tonight's The Night
53.3%
#14 Carole King
It's Too Late
52.6%
#49 Exile
Kiss You All Over
52%
#45 Billy Paul
Me and Mrs. Jones
48.3%
#24 Donna Summer
Bad Girls
47.9%
#43 The Commodores
Three Times a Lady
47.3%
#41 Olivia Newton-
John
I Honestly Love You
47.1%
#19 Jackson Five
I'll Be There
46.1%
#50 Sly and The Family Stone
Family Affair
41.5%
#20 The Emotions
Best of My Love
41.4%
#40 Andy Gibb
I Just Want to Be Your Everything
39.7%
#30 Diana Ross
Ain't No Mountain High Enough
38.1%
#28 Paul McCartney and Wings
My Love
33.4%
#21 Bee Gees
How Can You Mend A Broken Heart
30.2%
Quiz Playlist
Details
Report
Send in Message
Add To Playlist
More Info:
This list comes from the American Top 40 Episode originally aired 5-Jan-80. These are, by their calculation, the Top 50 Songs of the 1970s
Classic:
Type in answers that appear in a list
Quiz Source
Last Updated: Feb 16, 2017
Quiz Scoreboard
CHALLENGE
Sign Up to Join the Scoreboard
Show All
Scores
Hide
Comments
May contain spoilers
Recently Published
9x9 Crossword: Cartoon Network
by jackfrog10
Miscellaneous
3m
College Basketball Coaching Resumes
by pancakes188
Sports
9m
Billboard Blitz: Fleetwood Mac
by CooCooCachoo
Music
15s
More to Explore
Quiz From the Vault
Featured Blog Post
Where Did the Easter Bunny Come From?
hide this ad
You Might Also Like...
Tags
Artist Quiz
Song Quiz
1970s
70s Songs
Casey
hot
peak
Single
Top Songs
Today's Top Quizzes in Music
Browse Music
hide this ad
Today's Top Quizzes in Song
Browse Song
Top Contributed Quizzes in Music
1
Taylor Swift All Songs (2024)
2
Guess the Artist- 70s Songs
3
7-to-1: Billboard Hot 100 #1 Hits of 2010s
4
Sorting Albums and Songs
5
Taylor Swift Logic Puzzle
6
KPOP LOGIC QUIZ
7
Guess the Taylor Swift song (Mystery Song)
8
One Thing in Common: Music
9
2010s Album by Cover III
10
Guess The Taylor Swift Lyrics Song #1
Explore More
Trending Topics
Kpop
Anime
NBA
Crossword
Disney
Harry Potter
Marvel
NFL
Soccer
Puzzle
Pokémon
The Office
WWE
Country
Song
hide this ad
More By:
AshtonCinder
Quiz
Plays
Rating
Category
Featured
Created
Over A Year On The Charts-Audio Clips
6,180
4.64
Music
Mar 1, 2011
Movie by Song II (1970 - 2010) - Audio Clips
2,194
4.47
Movies
May 29, 2011
#1 Songs of 1985 - Audio Clips
1,128
4.68
Music
Jan 16, 2011
#1 Songs of 1987 - Audio Clips
924
4.77
Music
Jan 17, 2011
#1 Songs of 1982 - Audio Clips
755
4.88
Music
Jan 16, 2011
Go to Creator's Profile
Score Distribution
Quiz Creator Spotlight
AshtonCinder
Follow
Send a Message
Quizzes Created
-
Created Quiz Play Count
-
More By This Creator
Popular Quizzes Today
1
Find the US States - No Outlines Minefield
2
Find the Countries of Europe - No Outlines Minefield
3
The Countries of the World
4
Find the US States
5
Risky Map Clicking: Biggest States A-Z
6
US States
7
Popular People in 1961
8
Movies - When Are They Set?
More Music Quizzes
Rammstein effects
Quiz Lab
Trending Quizzes
Risky Map Clicking: Least Populous States A-Z
1-10 Letter G Words
1-10 Letter F Words
Risky Map Clicking: Next State Alphabetically
Adjectives in 80s TV Shows
Recently Updated
Leaping Animals
pecheneg
Reality TV Shows (A-Z)
bhenderson79
Rickey Henderson's Hall of Fame Teammates
pecheneg
Champions League XIs: Arsenal
pecheneg
Quick Pick: Celebrities in WWE's Hall of Fame
aduchscher
A-Z Keypad Blitz II
pecheneg
Multiple Oscar Actors
pecheneg
Mystery Phrase Blitz: Oscar 'Best Actors'
pecheneg
F. Scott Fitzgerald Novels
LTH
Pick 3 Villains
ddd62291
Trending Topics
Harry Potter
Disney
Anime
Kpop
NBA
Marvel
Crossword
Puzzle
The Office
WWE
Country
Pokémon
Song
Soccer
NFL
Your Account Isn't Verified!
In order to create a playlist on Sporcle, you need to verify the email address you used during registration. Go to your
Sporcle Settings
to finish the process.
Report this User
Report this user for behavior that violates our
Community Guidelines
.
Details:
Send Report
Go to the Sporcle.com Mobile Site →
Comments